BUBT Library Online Catalog

Common Mistake in English Usage (Record no. 376)

000 -LEADER
fixed length control field 00543nam a22002057a 4500
008 - FIXED-LENGTH DATA ELEMENTS--GENERAL INFORMATION
fixed length control field 130514b xxu||||| |||| 00| 0 eng d
024 ## - OTHER STANDARD IDENTIFIER
Terms of availability available
037 ## - SOURCE OF ACQUISITION
Terms of availability available
082 ## - DEWEY DECIMAL CLASSIFICATION NUMBER
Edition number 22
Classification number 428.1 ISC
100 ## - MAIN ENTRY--PERSONAL NAME
Personal name Islam, Jahurul
245 ## - TITLE STATEMENT
Title Common Mistake in English Usage
260 ## - PUBLICATION, DISTRIBUTION, ETC. (IMPRINT)
Place of publication, distribution, etc. Dhaka
Name of publisher, distributor, etc. Pacific Publishers
Date of publication, distribution, etc. 2002
300 ## - PHYSICAL DESCRIPTION
Extent 13 cm
Other physical details 220 page
Type of unit 1
Size of unit 13 cm
600 ## - SUBJECT ADDED ENTRY--PERSONAL NAME
Personal name English Usage
700 ## - ADDED ENTRY--PERSONAL NAME
Personal name Islam, Jahurul
270 ## - ADDRESS
Address Dhaka
City Dhaka
Country Bangladesh
365 ## - TRADE PRICE
Price amount 100.00
Unit of pricing 100.00
942 ## - ADDED ENTRY ELEMENTS (KOHA)
Source of classification or shelving scheme
Koha item type Books

No items available.

More Information About Library

Library Hours

  • Open: 9.00 am. to 9.00 pm.
  • Only Sunday: 9.00 am. to 6.00 pm.
  • Closed: Holiday

Contact to the University

Bangladesh University of Business and Technology Library

  • Mirpurl-2, 1216.
  • Phone:
  • Fax:
  • E-Mail: admin.library@bubt.edu.bd

Contact to the Library

Contact Person:

Md. Abdul Hakim Shah
Joint Librarian
PABX No:  113
Cell No: 01816332931
E-mail: official: admin.library@bubt.edu.bd
Personal: hakim.shah@bubt.edu.bd


BUBT Library

Copyright © 2021